00425nam a2200133 a 450000100100000000500170001000800410002704000250006824500300009326000180012330000270014195201060016899900170027400004593020201002052530.0150602s2004 000 spa d aDO-SdBNPbspacBNPHU 0aCarnet de bord 2007-2008. as. l.,cs. f. a80 p. :bil. ;c22 cm. 0010507-18MOaPDbPDcOId2015-06-02iLF1l0o p45930-10r2020-06-25w2020-06-25y1ZNo se presta c45419d45419